[Event "Bunratty Masters op 16th"]
[Site "Bunratty"]
[Date "2009.02.20"]
[Round "1"]
[White "Williams, Simon Kim"]
[Black "Mendelson, Andrew"]
[Result "1-0"]
[WhiteElo "2507"]
[BlackElo "2114"]
[PlyCount "75"]
[EventDate "2009.02.20"]
[EventType "swiss"]
[EventRounds "6"]
[EventCountry "IRL"]
[SourceTitle "CBM 128 Extra"]
[Source "ChessBase"]
[SourceDate "2009.03.05"]
[SourceVersion "2"]
[SourceVersionDate "2009.03.25"]
[SourceQuality "1"]

1. d4 Nf6 2. c4 c5 3. d5 e5 4. Nc3 d6 5. g3 Na6 6. Bg2 h5 7. h3 h4 8. g4 Be7 9. e3 Nc7 10. f4 Rb8 11. a4 a6 12. a5 b5 13. axb6 Rxb6 14. Nf3 Nd7 15. 0-0 f5 16. gxf5 0-0 17. fxe5 Nxe5 18. Nxe5 dxe5 19. Qh5 Rh6 20. Qg4 Ne8 21. e4 Rb6 22. Rf2 Nd6 23. Bf1 Rb4 24. Rg2 Rf7 25. Na2 Rb3 26. Bh6 Nxf5 27. exf5 Bxf5 28. Qd1 Rxh3 29. Nc3 Rxc3 30. bxc3 h3 31. Rxg7+ Rxg7+ 32. Bxg7 Kxg7 33. Qf3 Qd7 34. Rxa6 e4 35. Qg3+ Kf7 36. Be2 Qb7 37. Bh5+ Kf8 38. Ra1 1-0

[Event "Leinster-ch"]
[Site "Dublin"]
[Date "2007.12.30"]
[Round "5"]
[White "Daly, Colm"]
[Black "Mendelson, Andrew"]
[Result "1-0"]
[WhiteElo "2361"]
[BlackElo "2108"]
[PlyCount "52"]
[EventDate "2007.12.28"]
[EventType "swiss"]
[EventRounds "6"]
[EventCountry "IRL"]
[SourceTitle "EXT 2023"]
[Source "ChessBase"]
[SourceDate "2022.10.05"]
[SourceVersion "1"]
[SourceVersionDate "2022.10.05"]
[SourceQuality "1"]

1. c4 b6 2. Nf3 Bb7 3. e3 e6 4. b3 Nf6 5. Bb2 d5 6. g3 Nbd7 7. Bg2 Be7 8. cxd5 exd5 9. 0-0 0-0 10. Nc3 c6 11. d3 Re8 12. Re1 Qc7 13. Qc2 Rad8 14. Rac1 Qb8 15. Ne2 c5 16. d4 Ne4 17. Nf4 Ndf6 18. Nd3 Rc8 19. dxc5 bxc5 20. Nd2 c4 21. bxc4 dxc4 22. Nxc4 Bd5 23. Qb3 Qa8 24. Bxf6 gxf6 25. Qb5 Bf8 26. Nb4 a6 1-0

[Event "Bunratty Masters op 13th"]
[Site "Bunratty"]
[Date "2006.02.17"]
[Round "1"]
[White "Mendelson, Andrew"]
[Black "McPhillips, Karl"]
[Result "1-0"]
[WhiteElo "2108"]
[BlackElo "2210"]
[PlyCount "73"]
[EventDate "2006.02.17"]
[EventType "swiss"]
[EventRounds "6"]
[EventCountry "IRL"]
[SourceTitle "CBM 111 Extra"]
[Source "ChessBase"]
[SourceDate "2006.05.09"]
[SourceVersion "1"]
[SourceVersionDate "2006.05.09"]
[SourceQuality "1"]

1. d4 d5 2. c4 Nc6 3. Nf3 Bg4 4. cxd5 Bxf3 5. gxf3 Qxd5 6. e3 e5 7. Nc3 Bb4 8. Bd2 Bxc3 9. bxc3 Qd6 10. f4 exf4 11. e4 Nge7 12. Qf3 Qa3 13. Qxf4 0-0 14. Bc4 Ng6 15. Qe3 Na5 16. Bd3 f5 17. e5 Rae8 18. f4 Kh8 19. 0-0 c5 20. d5 c4 21. Be2 Rd8 22. d6 Rfe8 23. Qf2 Nf8 24. Qxa7 Nd7 25. Qf2 Nc5 26. Bc1 Qxc3 27. Qxc5 Qxa1 28. Qxa5 Qd4+ 29. Kh1 Qe4+ 30. Bf3 Qd3 31. Bg2 Ra8 32. Qc7 Rxa2 33. Qxb7 Rea8 34. Qd5 R8a7 35. Qxd3 cxd3 36. e6 d2 37. e7 1-0

[Event "EU-Cup 20th"]
[Site "Izmir"]
[Date "2004.10.08"]
[Round "6.4"]
[White "Sinnett, Glyn"]
[Black "Mendelson, Andrew"]
[Result "0-1"]
[WhiteElo "2010"]
[BlackElo "2075"]
[PlyCount "66"]
[EventDate "2004.10.03"]
[EventType "team-swiss"]
[EventRounds "7"]
[EventCountry "TUR"]
[SourceTitle "CBM 104"]
[Source "ChessBase"]
[SourceDate "2005.01.27"]
[SourceVersion "1"]
[SourceVersionDate "2005.01.27"]
[SourceQuality "1"]
[WhiteTeam "Nidum Liberals"]
[BlackTeam "Dublin"]
[WhiteTeamCountry "WLS"]
[BlackTeamCountry "IRL"]

1. d4 Nf6 2. c4 d6 3. Nc3 Nbd7 4. Bg5 e5 5. e3 g6 6. Nf3 Bg7 7. Be2 0-0 8. dxe5 dxe5 9. 0-0 c6 10. Qc2 Qc7 11. Rfd1 Nc5 12. Bxf6 Bxf6 13. Rd2 Bf5 14. Qd1 a5 15. Qe1 a4 16. Rc1 h6 17. h3 Rfe8 18. g4 Be6 19. Qf1 Kg7 20. Qg2 Rad8 21. Rcd1 Rxd2 22. Nxd2 Rd8 23. Nce4 Qa5 24. Nxc5 Qxc5 25. Qe4 Be7 26. Qc2 b5 27. Rc1 Qb4 28. Nf3 Bf6 29. cxb5 cxb5 30. a3 Qa5 31. Rd1 Bb3 32. Qc1 Bxd1 33. Bxd1 e4 0-1

[Event "EU-Cup 20th"]
[Site "Izmir"]
[Date "2004.10.04"]
[Round "2.4"]
[White "Pulkkinen, Kari"]
[Black "Mendelson, Andrew"]
[Result "1-0"]
[WhiteElo "2319"]
[BlackElo "2075"]
[PlyCount "76"]
[EventDate "2004.10.03"]
[EventType "team-swiss"]
[EventRounds "7"]
[EventCountry "TUR"]
[SourceTitle "CBM 104"]
[Source "ChessBase"]
[SourceDate "2005.01.27"]
[SourceVersion "1"]
[SourceVersionDate "2005.01.27"]
[SourceQuality "1"]
[WhiteTeam "Matinkylan"]
[BlackTeam "Dublin"]
[WhiteTeamCountry "FIN"]
[BlackTeamCountry "IRL"]

1. e4 c6 2. d4 d5 3. exd5 cxd5 4. c4 Nf6 5. Nc3 Nc6 6. Bg5 dxc4 7. Bxc4 e6 8. Nf3 Be7 9. 0-0 0-0 10. Re1 b6 11. a3 Bb7 12. Ba2 Rc8 13. Qd3 a6 14. Rad1 b5 15. Bb1 g6 16. h4 b4 17. Ne2 bxa3 18. bxa3 Nh5 19. Ba2 Qd6 20. d5 exd5 21. Qxd5 Qxd5 22. Rxd5 Bxg5 23. Nxg5 Nf6 24. Rd6 Kg7 25. Rxf6 Kxf6 26. Nxh7+ Kg7 27. Nxf8 Kxf8 28. Rb1 Na5 29. Rc1 Rd8 30. Rc7 Rd1+ 31. Kh2 Rd2 32. Rxf7+ Ke8 33. Nc3 Rc2 34. Rc7 Bc6 35. Bf7+ Kd8 36. Nd5 Rd2 37. Be6 Rxd5 38. Rc8+ Ke7 1-0